Melissa dell: Winner of the 2020 Clark medal (Record no. 517967)

000 -LEADER
fixed length control field 00936nam a22001337a 4500
008 - FIXED-LENGTH DATA ELEMENTS--GENERAL INFORMATION
fixed length control field 210806b ||||| |||| 00| 0 eng d
100 ## - MAIN ENTRY--PERSONAL NAME
Personal name Acemoglu, Daron
245 ## - TITLE STATEMENT
Title Melissa dell: Winner of the 2020 Clark medal
260 ## - PUBLICATION, DISTRIBUTION, ETC. (IMPRINT)
Place of publication, distribution, etc The Journal of Economic Perspectives
300 ## - PHYSICAL DESCRIPTION
Extent 35(1), Winter, 2021: p.231-248
520 ## - SUMMARY, ETC.
Summary, etc The 2020 John Bates Clark Medal of the American Economic Association was awarded to Melissa Dell, Professor of Economics at Harvard University, for her path-breaking contributions in political economy, economic history, and economic development. This article summarizes Melissa Dell's work, places it in the context of the broader literature, and emphasizes how, with its data collection, careful empirical implementation, and audacious ambition, it has revolutionized work in political economy and economic history. – Reproduced
773 ## - HOST ITEM ENTRY
Main entry heading The Journal of Economic Perspectives
942 ## - ADDED ENTRY ELEMENTS (KOHA)
Item type Articles
Holdings
Withdrawn status Lost status Source of classification or shelving scheme Damaged status Not for loan Permanent location Current location Date acquired Serial Enumeration / chronology Barcode Date last seen Koha item type
          Indian Institute of Public Administration Indian Institute of Public Administration 2021-08-06 35(1), Winter, 2021: p.231-248 AR125186 2021-08-06 Articles

Powered by Koha